Introduction to biopsychology / (Record no. 171045)

MARC details
000 -LEADER
fixed length control field 00858nam a22002417a 4500
003 - CONTROL NUMBER IDENTIFIER
control field OSt
005 - DATE AND TIME OF LATEST TRANSACTION
control field 20241008075855.0
008 - FIXED-LENGTH DATA ELEMENTS--GENERAL INFORMATION
fixed length control field 240919b |||||||| |||| 00| 0 eng d
020 ## - INTERNATIONAL STANDARD BOOK NUMBER
International Standard Book Number 9781529715941 (paperback)
040 ## - CATALOGING SOURCE
Original cataloging agency NUST
Language of cataloging eng
Transcribing agency NUST
Modifying agency NUST
Description conventions rda
050 ## - LIBRARY OF CONGRESS CALL NUMBER
Classification number QP360 WIC
100 ## - MAIN ENTRY--PERSONAL NAME
Personal name Wickens, Andrew P.
Relator term Author
Fuller form of name Andrew P. Wickens
245 ## - TITLE STATEMENT
Title Introduction to biopsychology /
Statement of responsibility, etc. Andrew P. Wickens
260 ## - PUBLICATION, DISTRIBUTION, ETC.
Place of publication, distribution, etc. Los Angeles :
Name of publisher, distributor, etc. SAGE,
Date of publication, distribution, etc. [2021]
300 ## - PHYSICAL DESCRIPTION
Extent xxi, 765 pages :
Other physical details color illustrations ;
Dimensions 27 cm.
336 ## - CONTENT TYPE
Source rdamedia
Content type term text
Content type code txt
337 ## - MEDIA TYPE
Source rdamedia
Media type term unmediated
Media type code n
338 ## - CARRIER TYPE
Source rdamedia
Carrier type term volume
Carrier type code nc
504 ## - BIBLIOGRAPHY, ETC. NOTE
Bibliography, etc. note Includes bibliographical references (pages 617-698) and indexes.
650 ## - SUBJECT ADDED ENTRY--TOPICAL TERM
Form subdivision Psychobiology.
700 ## - ADDED ENTRY--PERSONAL NAME
Personal name Wickens, Andrew P.
Relator term Author
Fuller form of name Andrew P. Wickens
942 ## - ADDED ENTRY ELEMENTS (KOHA)
Source of classification or shelving scheme Library of Congress Classification
Koha item type Ordinary Loan Books
Classification part QP360 WIC
Call number prefix QP
Call number suffix WIC
Suppress in OPAC No
Holdings
Withdrawn status Lost status Source of classification or shelving scheme Damaged status Not for loan Collection Home library Current library Shelving location Date acquired Source of acquisition Cost, normal purchase price Total Checkouts Full call number Barcode Date last seen Accession number Cost, replacement price Price effective from Koha item type Public note
    LCC     NFIC MAIN MAIN GEN 09/19/2024 Book Aid International 80.00   QP360 WIC 92004055445 09/19/2024 61490 80.00 09/19/2024 BOOKS Donation